Religie Quiz #1: Księgi Biblii - Statystyki

Ogólne statystyki
  • Ten quiz został rozwiązany 366 razy
  • Średni wynik to 46 z 73
Statystyki odpowiedzi
Siglum Księga % Poprawnych
Tora Rdz Rodzaju
97%
1J 1 Jana
91%
2J 2 Jana
91%
3J 3 Jana
91%
Łk Łukasza
91%
Ewangelie Mt Mateusza
91%
J Jana
90%
Kpł Kapłańska
90%
Mk Marka
90%
Wj Wyjścia
90%
1Kor 1 do Koryntian
86%
2Kor 2 do Koryntian
86%
Pwt Powtórzonego Prawa
84%
Lb Liczb
82%
- Ap Apokalipsa św. Jana
81%
Flp do Filipian
80%
Listy św. Pawła Rz do Rzymian
80%
Ef do Efezjan
79%
- Dz Dzieje Apostolskie
77%
Hbr do Hebrajczyków
76%
Jer Jeremiasza
76%
Jud Judy
76%
Mdr Mądrości
76%
Historyczne Joz Jozuego
75%
Ps Psalmów
75%
1P 1 Piotra
73%
2P 2 Piotra
73%
Prorocy więksi Iz Izajasza
72%
Koh Koheleta
72%
Mądrościowe Hi Hioba
70%
1Tes 1 do Tesaloniczan
68%
1Tm 1 do Tymoteusza
68%
2Tes 2 do Tesaloniczan
68%
2Tm 2 do Tymoteusza
68%
Kol do Kolosan
67%
Jon Jonasza
66%
Listy Inne Jk Jakuba
65%
1Sm 1 Samuela
64%
2Sm 2 Samuela
64%
1Krl 1 Królewska
63%
2Krl 2 Królewska
63%
Rt Rut
63%
Ga do Galatów
62%
Prz Przysłów
62%
Ez Ezechiela
61%
Sdz Sędziów
60%
Est Estery
56%
Syr Syracha
56%
Tt do Tytusa
55%
Pnp Pieśń nad pieśniami
51%
Za Zachariasza
50%
Dn Daniela
49%
Tb Tobiasza
49%
Jd Judyty
48%
1Krn 1 Kronik
47%
2Krn 2 Kronik
47%
Flm do Filemona
47%
1Mch 1 Machabejska
46%
2Mch 2 Machabejska
46%
Ezd Ezdrasza
45%
Prorocy mniejsi Oz Ozeasza
44%
Ba Barucha
38%
Mi Micheasza
38%
Ne Nehemiasza
38%
Ml Malachiasza
37%
Jl Joela
35%
Am Amosa
34%
So Sofoniasza
33%
Ag Aggeusza
29%
Ha Habakuka
29%
Lm Lamentacje
29%
Prorocy mniejsi Ab Abdiasza
22%
Na Nahuma
22%
Nie znaleziono quizów pasujących do podanych kryteriów
Rozkład punktacji
Procent ludzi z każdym wynikiem
Percentyl według liczby udzielonych odpowiedzi
Twoja historia wyników
Nie rozwiązałeś tego quizu